01196nam a2200277Ia 4500001001100000003000800011006001900019007001500038008004100053040002100094035002100115050002300136100003800159245017700197260009500374300001000469533015200479650001200631650001000643655002900653710005700682710002200739710001700761856012500778999001500903ebr5000592CaPaEBRm u cr cn|||||||||100917r20011841vau s 000 0 eng d aCaPaEBRcCaPaEBR a(OCoLC)68062926514aPS1620b.A1 2001eb1 aEmerson, Ralph Waldo,d1803-1882.14aThe method of natureh[electronic resource] :ban oration delivered before the Society of the Adelphi, in Waterville College, Maine, August 11, 1841 /cRalph Waldo Emerson. a[South Bend, IN] :bInfomotions, Inc. ;a[Blacksburg, VA] :bVirginia Tech.,c2001, c1841. a12 p. aElectronic reproduction.bPalo Alto, Calif. :cebrary,d2011.nAvailable via World Wide Web.nAccess may be limited to ebrary affiliated libraries. 0aNature. 0aSoul. 7aElectronic books.2local2 aVirginia Polytechnic Institute and State University.2 aInfomotions, Inc.2 aebrary, Inc.40uhttp://site.ebrary.com/lib/rucke/Doc?id=5000592zAn electronic book accessible through the World Wide Web; click to view c2898d2898